Pharmaceutical Biotechnology/ (Record no. 759692)
[ view plain ]
| 000 -LEADER | |
|---|---|
| fixed length control field | 00299nam a22001097a 4500 |
| 082 ## - DEWEY DECIMAL CLASSIFICATION NUMBER | |
| Classification number | 615 VYA |
| 100 ## - MAIN ENTRY--AUTHOR NAME | |
| Personal name | Vyas S P |
| 245 ## - TITLE STATEMENT | |
| Title | Pharmaceutical Biotechnology/ |
| Statement of responsibility, etc | S P Vyas, V K Dixit |
| 260 ## - PUBLICATION, DISTRIBUTION, ETC. (IMPRINT) | |
| Place of publication | New Delhi: |
| Name of publisher | CBS Publishers & Distributors; |
| Year of publication | 2023. |
| 942 ## - ADDED ENTRY ELEMENTS (KOHA) | |
| Source of classification or shelving scheme | Dewey Decimal Classification |
| Koha item type | Book |
| Withdrawn status | Lost status | Source of classification or shelving scheme | Damaged status | Not for loan | Home Library | Current Location | Date acquired | Full call number | Accession Number | Price effective from | Koha item type |
|---|---|---|---|---|---|---|---|---|---|---|---|
| Dewey Decimal Classification | Dept. of Bio-Technology | Dept. of Bio-Technology | 21/05/2026 | 615 VYA | BTY3623 | 21/05/2026 | Book |
